King Henry VI, part I

Bibliographic Details
Main Author: Shakespeare, William
Other Authors: Cairncross, Andrew S
Format: Book
Published: London : Routledge , 1992
Series:The Arden Shakespeare
Subjects:

MARC

LEADER 00000cam a2200000 7i4500
001 0000001645
002 000001795
005 20000330.0
020 |a 0415026873 
090 0 0 |a 822.33   |b SHA 
100 1 |a Shakespeare, William 
245 1 0 |a King Henry VI, part I   |c William Shakespeare ; edited by Andrew S. Cairncross 
260 |a London :   |b Routledge ,   |c 1992 
300 |a 172 p. ;   |c 20 cm. 
490 0 |a The Arden Shakespeare 
650 0 0 |a King Henry VI   |x Drama 
700 1 |a Cairncross, Andrew S 
999 |a 034056   |b BUKU   |c PINJAMAN   |e PERPUSTAKAAN KOMUNITI PETALING JAYA